| 000 | 00940nam0a2200289 4500 | ||
|---|---|---|---|
| 001 | RU\NLR\BIBL_A\016242614 | ||
| 005 | 20250625010210.0 | ||
| 010 | _91000 | ||
| 035 | _a(NLR Aleph) 016242614 | ||
| 090 |
_a13313186 _c13313186 |
||
| 100 | _a20221219d1952 |||y0rusy50 ca | ||
| 101 | 0 | _aoss | |
| 102 | _aRU | ||
| 105 | _aa z 000 y | ||
| 181 | 0 |
_ai _baxxe |
|
| 182 | 0 | _an | |
| 200 | 1 |
_aКолтайы колхоз _eочерк _fАсаты Реваз |
|
| 203 |
_aТекст _bвизуальный _cнепосредственный |
||
| 210 |
_aСталинир _cГосиздат Юго-Осетии _d1952 |
||
| 215 |
_a114, [3] с. _cил. _d19 |
||
| 541 | 1 |
_6z01790 _aКолхоз Коста _eочерк _zrus |
|
| 700 | 1 |
_aАсаты _bР. _gРеваз |
|
| 790 | 1 |
_6z01541 _aАсаев _bР.Н. _f1923-2007 _gРеваз Николаевич _4070 |
|
| 852 |
_aNLR _bОНЛ _jОсет./2-647 |
||
| 942 | _cBOOK | ||
| 980 | _aNB | ||